000 00493nam a22001817a 4500
008 170612b xxu||||| |||| 00| | tur d
020 _a97590560083
041 _atur
050 _aPL219
100 _9256
_aYavuz Özdem
245 _aŞiir ve Dil
250 _a1. baskı
260 _aİstanbul
_bDigraf Yayıncılık, Şiirden
_cOcak 2005
300 _a96 sayfa
500 _aDigraf Yayıncılık: 03; Deneme Eleştiri İnceleme: 2
650 0 _9145
_aTürk Edebiyatı
942 _2lcc
_cBK
999 _c1628
_d1603